Securities regulation in Japan

Kaydedildi:
Detaylı Bibliyografya
Yazar: Tatsuta, Misao
Materyal Türü: Kitap
Dil:Undetermined
Baskı/Yayın Bilgisi: [Tokyo] Japan Securities Research Institute 1970
Konular:
Etiketler: Etiketle
Etiket eklenmemiş, İlk siz ekleyin!
Thư viện lưu trữ: Trung tâm Học liệu Trường Đại học Cần Thơ
LEADER 00511nam a2200193Ia 4500
001 CTU_79877
008 210402s9999 xx 000 0 und d
082 |a 341.7 
082 |b T219 
100 |a Tatsuta, Misao 
245 0 |a Securities regulation in Japan 
245 0 |c Misao Tatsuta 
260 |a [Tokyo] 
260 |b Japan Securities Research Institute 
260 |c 1970 
650 |a Securities 
650 |z Japan 
904 |i Trọng Hải 
980 |a Trung tâm Học liệu Trường Đại học Cần Thơ